Enfermedades de las hortalizas /
Guardado en:
| Autor Principal: | |
|---|---|
| Formato: | Libro |
| Idioma: | Spanish |
| Publicado: |
Barcelona :
Salvat,
1959.
|
| Etiquetas: |
Agregar Etiqueta
Sin Etiquetas, Sea el primero en etiquetar este registro!
|
| LEADER | 00501nam a22001575a 4500 | ||
|---|---|---|---|
| 001 | EUN.um027608 | ||
| 003 | AR-BaUNS | ||
| 005 | 20050623122904.0 | ||
| 008 | 041125s1959####sp#a##########000#0#spa#d | ||
| 245 | 1 | 0 | |a Enfermedades de las hortalizas / |c J. C. Walker. |
| 260 | |a Barcelona : |b Salvat, |c 1959. | ||
| 300 | |a 611 p. : |b ilus. ; |c 20,5 cm. | ||
| 100 | 1 | |a Walker, J. C. | |
| 082 | 0 | 4 | |a 581.2 |
| 859 | |a Ar-BaUNS |b BIB. CENTRAL - Sector C |h 581.2 |i W151 |p 1590/961 | ||
| 859 | |a Ar-BaUNS |b Dto. Agronomia |h 581.2 |i W151 |p 1591/961 |t Ej.3 | ||
